| 000 | 00599nam a22001937a 4500 | ||
|---|---|---|---|
| 005 | 20150710121757.0 | ||
| 010 | _aENG-113285 | ||
| 020 |
_c595.00 _a9788120350908 |
||
| 035 | _aEN-96817 | ||
| 037 | _bDBAD/PUB | ||
| 082 | _a346.540482 | ||
| 100 | _aDas, Jatindra Kumar | ||
| 245 |
_aLaw of copyright / _cby Jatindra Kumar Das |
||
| 260 |
_aDelhi _bPHI Learning _c2015 |
||
| 270 |
_a111 Patparganj Industrial Estate, _bDelhi _e110092 |
||
| 300 |
_axxxii,604p. _c25cm(pbk) |
||
| 500 | _aIncludes bibliographical references and index | ||
| 942 |
_2ddc _cEN _mDAS _h346.540482 |
||
| 999 |
_c94200 _d94200 |
||